A Prova no Direito Tributr̀io de acordo com o Cd̤igo de Processo Civil de 2015

Detalles Bibliográficos
Autor principal: Del Padre Tom,̌ Fabiana
Formato: eBook
Lenguaje:portugués
Publicado: San Pablo: Editora Noeses, 2016
Materias:
Acceso en línea:Acceso restringido

MARC

LEADER 00000nam a22000007a 4500
005 20210519223730.0
007 cr|||| |||
008 210519s2016 br |||||s|||| 00||0 por d
020 |a 978-85-8310-076-8 
035 |a 33552 
040 |a vLex 
090 |c 11742  |d 11742 
100 1 |a Del Padre Tom,̌ Fabiana 
245 1 1 |a A Prova no Direito Tributr̀io de acordo com o Cd̤igo de Processo Civil de 2015  |h [Recurso electrn̤ico] /  |c Fabiana Del Padre Tom̌ 
256 |a Servicio en ln̕ea 
260 |a San Pablo:  |b Editora Noeses,  |c 2016 
300 |a 1 recurso electrn̤ico 
506 1 |a Disponible solo en los productos indicados  |d vLex Global  |d vLex Global (Academic Edition, excluding Law Schools)  |d vLex Global (U.S. Academic Edition, Law Schools)  |d vLex Global (U.S. Academic Edition, excluding Law Schools)  |d vLex Global (Academic Edition, Law Schools) 
650 0 4 |a Derecho Tributario  |z Brasil 
740 0 |a vLex Libros (Servicio en ln̕ea) 
856 4 0 |u https://vlex.com/source/prova-direito-tributario-acordo-codigo-processo-civil-2015-33552  |z Acceso restringido 
942 |c BOOK 
999 0 |a Tax Law